000
00310nam a2200121 a 4500
005
20141022142008.0
008
120228s19uu xx 00 eng d
050
_a
DVD
_b
N73 2007
100
_a
Noonan, William R.
245
_a
Discussing the undiscussable /
_c
William Noonan.
260
_c
2007.
942
_c
AVM
999
_c
276610
_d
276610